00638 a2200193 4500003000400000005001700004008004100021020001800062040000900080082001700089100002800106245007700134250000800211260002000219300001400239942004000253952013400293999001700427OSt20250610132351.0250530b |||||||| |||| 00| 0 eng d a9789353502416 coclc a658.4bDAF/U1 aDaft, Richard L.910523 aUnderstanding the theory and design of organizations /cRichard L Daft,  a11e bCengage,c2020. a587 pages 2ddccBKh658.4iDAF/Uk658.4mDAF/U 00102ddc40708MANAGEMENTaMESbMEScMANAGEMENTd2025-06-10l0o658.4 DAF/Up45971r2025-06-10 13:23:44w2025-06-10yBKzGL55R1 c44552d44552